Úvod do národohospodárskeho plánovania

Na minha lista:
Detalhes bibliográficos
Autor principal: Mokrý, Vladimír
Autor Corporativo: Vysoká škola ekonomická v Bratislave. Národohospodárska fakulta
Outros Autores: Kosorín, František
Formato: Livro
Idioma:eslovaco
Publicado em: Bratislava Vysoká škola ekonomická 1989
Edição:1. vyd.
Tags: Adicionar Tag
Sem tags, seja o primeiro a adicionar uma tag!

MARC

LEADER 00000nam a2200000 4500
001 c040713
005 20221215071759.4
041 0 |a slo 
044 |a SK 
245 1 0 |a Úvod do národohospodárskeho plánovania  |c Vladimír Mokrý, František Kosorín 
250 |a 1. vyd. 
264 1 |a Bratislava  |b Vysoká škola ekonomická  |c 1989 
300 |a 131 s. 
100 1 |a Mokrý, Vladimír 
700 1 |a Kosorín, František 
710 2 |a Vysoká škola ekonomická v Bratislave. Národohospodárska fakulta